Litaniae et preces recitandae in ecclesiis almae urbis in quibus indicta est oratio continua quadraginta horarum (Record no. 8228)
[ view plain ]
| 000 -CABECERA | |
|---|---|
| campo de control de longitud fija | 01055nam a2200253 a 4500 |
| 001 - NÚMERO DE CONTROL | |
| campo de control | BRCA_8565 |
| 005 - FECHA Y HORA DE LA ÚLTIMA TRANSACCIÓN | |
| campo de control | 20190320210330.0 |
| 008 - DATOS DE LONGITUD FIJA--INFORMACIÓN GENERAL | |
| campo de control de longitud fija | 180816s1700----it-#######---#000-0#lat-# |
| 041 ## - CÓDIGO DE LENGUA | |
| Código de lengua del texto/banda sonora o título independiente | lat |
| 044 ## - CÓDIGO DEL PAÍS DE LA ENTIDAD EDITORA/PRODUCTORA | |
| Código MARC del país | it |
| 050 #4 - SIGNATURA TOPOGRÁFICA DE LA BIBLIOTECA DEL CONGRESO | |
| Número de clasificación | BX2050 |
| Número de documento/Ítem | .B46 |
| -- | 1700 |
| 100 1# - ENTRADA PRINCIPAL--NOMBRE DE PERSONA | |
| Nombre de persona | Benedicti XIV |
| 9 (RLIN) | 21450 |
| 245 10 - MENCIÓN DE TÍTULO | |
| Título | Litaniae et preces recitandae in ecclesiis almae urbis in quibus indicta est oratio continua quadraginta horarum |
| Mención de responsabilidad, etc. | Benedicti XIV. |
| 260 ## - PUBLICACIÓN, DISTRIBUCIÓN, ETC. | |
| Lugar de publicación, distribución, etc. | Romae |
| Nombre del editor, distribuidor, etc. | Ex typographia rev. camerae apostolicae |
| Fecha de publicación, distribución, etc. | 1700 |
| 300 ## - DESCRIPCIÓN FÍSICA | |
| Extensión | 1 vol. (sin paginación) |
| Dimensiones | 34 cm |
| 500 ## - NOTA GENERAL | |
| Nota general | Fondo antiguo |
| 500 ## - NOTA GENERAL | |
| Nota general | Se encuentra en Caja Fuerte |
| 500 ## - NOTA GENERAL | |
| Nota general | CO-A92 |
| 500 ## - NOTA GENERAL | |
| Nota general | Nota de encuadernación: cartón con tapas en tela de seda bordado con brocados en oro y plata, con capa de cardenal de armas en la portada y corona en la parte posterior y cintas anchas de seda roja |
| 506 0# - NOTA DE RESTRICCIONES AL ACCESO | |
| Limitaciones de acceso | Fondo reservado: para su consulta es necesario credencial de usuario y carta de motivos |
| 650 14 - PUNTO DE ACCESO ADICIONAL DE MATERIA--TÉRMINO DE MATERIA | |
| Término de materia o nombre geográfico como elemento de entrada | Iglesia católica |
| Término indicativo de función/relación | oraciones y devociones |
| 9 (RLIN) | 15525 |
| 902 ## - CATALOGADOR | |
| Iniciales | LAR |
| 942 ## - ELEMENTOS DE PUNTO DE ACCESO ADICIONAL (KOHA) | |
| Fuente del sistema de clasificación o colocación | Library of Congress Classification |
| Tipo de ítem Koha | Libros |
| Estado de retiro | Estado de pérdida | Estado dañado | No para préstamo | Localización permanente | Ubicación/localización actual | Fecha de adquisición | Número de inventario | Total de préstamos | Signatura topográfica completa | Código de barras | Fecha visto por última vez | Precio válido a partir de | Tipo de ítem Koha |
|---|---|---|---|---|---|---|---|---|---|---|---|---|---|
| El ejemplar forma parte de la colección y puede ser consultado según las políticas vigentes. | Biblioteca del Museo Franz Mayer (Rogerio Casas-Alatriste) | Biblioteca del Museo Franz Mayer (Rogerio Casas-Alatriste) | 18/08/2016 | CO-A92 | BX2050 .B46 1700 (CO-A92) | LAR00069 | 22/03/2019 | 22/03/2019 | Libros |